000 01191nam a2200349 i 4500
001 000014720
003 DO-SdBNP
005 20260305073958.0
007 ta
008 100119s1996 dr 001 p spa d
020 _a2738447554
040 _aDO-SdBNP
_bspa
_cBNPHU
_erda
082 4 _aRD861.44
_bG377d
_222
100 1 _aGerón, Candido,
_d1948-
_eautor
_93577
245 1 0 _aDespués de la hoguera = Passé les flammes du brasier /
_cCándido Gerón ; traducción Claude Couffon.
246 1 3 _aPassé les flammes du brasier
260 _aMontreal :
_c1996.
264 _aMontreal :
_bL' Harmattan,
_c1996.
300 _a77 páginas ;
_c22 cm.
336 _2rdacontent
_atexto
_btxt
337 _2rdamedia
_asin mediación
_bn
338 _2rdacarrier
_avolumen
_bnc
490 0 _aPoétes des cinq continents
500 _aIncluye datos biográficos del autor en la contracubierta.
546 _aTexto en español y francés
590 _aInventariado, 2023 /LP
650 4 _aPoesía dominicana
_966
650 0 _aLiteratura dominicana.
_967
700 1 _aCouffon, Claude,
_etr.aductor,
_eprológo
_926662
910 _aValidado. Control de calidad MFF
942 _2ddc
_cLBS1
999 _c14303
_d14303